000 00444nam a2200181Ia 4500
001 1638
005 20260306143743.0
008 260306t2005||||xx |||||||||||||| ||spa||
041 _aESP
082 _a153.9
_bG25
100 _aGardner, Howard
_eAUT
245 0 _aInteligencias Múltiples :
_bLa teoría en la práctica
260 _c2005
300 _a383 páginas :
_c20 cm.
650 _aGEN
654 _aCPS
942 _cLIB
_dJUS
_fJUS
_2ddc
_n
999 _c1638
_d1638